| 000 | 00597nam a2200193 a 4500 | ||
|---|---|---|---|
| 001 | 74 | ||
| 003 | CDMR | ||
| 005 | 20131024133133.0 | ||
| 008 | 130130s1984||||||||||||||||||||||||||||d | ||
| 020 | _a8428105502 | ||
| 040 |
_aCDMR _bcat _cCDMR |
||
| 100 | 1 |
_aAnton, Maria Lluïsa _969 |
|
| 245 | 1 | 0 |
_a50 anys de ràdio a Badalona _b: l'emisora de la costa, la ràdio que se'n va anar _cMaria-Lluïsa Anton, Enric Juliana |
| 260 |
_a[Badalona] _bMuseu de Badalona |
||
| 260 |
_bOikos-Tau _c1984 |
||
| 490 | 0 |
_aMonografies (Museu de Badalona) _a6 |
|
| 650 | 0 | 4 |
_93756 _aRàdio local _zCatalunya |
| 942 |
_cMON _2ddc |
||
| 999 |
_c74 _d74 |
||